| 000 | 01064cam a22002894a 4500 | ||
|---|---|---|---|
| 001 | 3563340 | ||
| 005 | 20230322140814.0 | ||
| 008 | 981218s1999 nyua 001 0 eng | ||
| 010 | _a 98052346 | ||
| 020 | _a1852330961 (alk. paper) | ||
| 040 |
_aDLC _cDLC _dDLC |
||
| 042 | _apcc | ||
| 050 | 0 | 0 |
_aTL574.S7 _bL47 1999 |
| 082 | 0 | 0 |
_a629.132 _221 _bLIN |
| 100 | 1 |
_aLind, Rick, _d1968- _9111101 |
|
| 245 | 1 | 0 |
_aRobust aeroservoelastic stability analysis : _bflight test applications / _cRick Lind and Marty Brenner. |
| 260 |
_aNew York : _bSpringer, _cc1999. |
||
| 300 |
_axv, 204 p. : _bill. ; _c24 cm. |
||
| 440 | 0 | _aAdvances in industrial control | |
| 504 | _aIncludes bibliographical references (p. [197]-204) and index. | ||
| 650 | 0 |
_aStability of airplanes _xMathematical models. _9111102 |
|
| 650 | 0 |
_aAeroelasticity. _92486 |
|
| 700 | 1 |
_aBrenner, Marty, _d1955- _9111103 |
|
| 906 |
_a7 _bcbc _corignew _d1 _eocip _f19 _gy-gencatlg |
||
| 942 |
_2ddc _cBK |
||
| 999 |
_c594085 _d594085 |
||